000 02256nam a2200349 i 4500
001 768714001
003 CO-MdFUSB
005 20211027150500.0
007 ta
008 211006t1992 -us |||| |||| 00| 0 eng d
020 _a0867161280
040 _aCO-MdFUSB
_bspa
_cCO-MdFUSB
_dCO-MdFUSBC
_erda
041 _aeng
082 _223
_a174.25
_bR739
100 _aRohr, Richard,
_eautor
245 1 4 _aThe wild man's journey :
_breflections on male spirituality
_c/ Richard Rohr , Joseph Martos
264 1 _aCincinnati, Ohio :
_bSt. Anthony Messenger Press,
_c[1996]
264 4 _c ©1996
300 _a225 páginas
_c; 23 cm
336 _2rdacontent
_atexto
_btxt
337 _2rdamedia
_asin mediación
_bn
338 _2rdacarrier
_avolumen
_bnc
505 _aLa tarea de la integración - Dios masculino y femenino los creó - El sistema masculino blanco - Los dos viajes - La liberación de los hombres - La iniciación masculina - La separación - el encuentro - el regreso - El hombre el hacedor - El hombre el agresor - El macho desequilibrado - El hambre del padre - La herida del padre - El alma vacía - Tres clases de hombres - Yo y el padre somos uno - Los hombres salvajes de la India - Iron John - Realización y comunidad - - El Yin y el Yang de las cosas: virtudes femeninas y masculinas - Cerebro izquierdo y derecho - Un magnificat masculino - Hacer y ser - Confrontación y contemplación - El hombre portador de la semilla - Dios como paradoja: poderosa impotencia - Paternidad espiritual: maternidad masculina - El joven y el anciano - Imágenes del alma para los hombres - El abuelo.
520 _aPromise Keepers, un movimiento de hombres cristianos, está ayudando a los hombres a encontrar dirección nuevamente. En una nueva Introducción a El viaje del hombre salvaje, el padre Richard Rohr reconoce las contribuciones del movimiento y analiza sus debilidades, trazando el viaje de la vida de un hombre y ofreciendo siete promesas para una espiritualidad saludable para los hombres católicos.
563 _aTapa dura
650 0 _91269
_aHombres (Teología cristiana)
650 0 _919
_aVida cristiana
700 _95762
_aMartos, Joseph,
_eautor
942 _cBK
945 _aJTF-925
999 _c66931
_d66931